000 01181nam a22003497a 4500
003 CHAP
005 20220329140532.0
008 971013s1986 r 00010 d
010 _a53523
011 _a54495
035 _a58646
040 _cCHAP
082 _a370.194
_bW4Y
100 0 0 _aWerthein, J.
_9121504
245 _aEducación y participación
260 _aBrasília, D.F. :
_bInstituto Interamericano de Cooperación para la Agricultura,
_c1986
300 _a174 p.
490 _aPublicaciones e misceláneas
_v; 646
590 _aBATCH-UPD
_b10
_c20130110
_lUCH01
_h0545
590 _aBATCH-UPD
_b10
_c20130110
_lUCH01
_h2350
590 _aBATCH-UPD
_b10
_c20130410
_lUCH01
_h0226
590 _aBATCH-UPD
_b10
_c20130410
_lUCH01
_h1637
590 _aBATCH-UPD
_b10
_c20130914
_lUCH01
_h0355
590 _aBATCH-UPD
_b10
_c20130914
_lUCH01
_h2108
590 _aCONVERSION
_b10
_c20130109
_lUCH01
_h1329
650 1 4 _aEducación rural
_xAmérica Latina.
_935587
700 0 _aArgumedo, Manuel.
_97026
830 0 _aPublicaciones e misceláneas
_v; 646
_992699
901 _aBK
942 _cLIBRO
949 _a370.194 W4Y
_bBC
_cLIBRO
_d33724000378212
_eLIBRO
_h69288
_i58646
_mD
_si
999 _c53523
_d53523